INDUCTION MOTORS (Record no. 579342)

000 -LEADER
fixed length control field 00232nam a22001097a 4500
082 ## - DEWEY DECIMAL CLASSIFICATION NUMBER
Classification number 621.462 MON'I
100 ## - MAIN ENTRY--PERSONAL NAME
Personal name MONK, S. G
9 (RLIN) 73691
245 ## - TITLE STATEMENT
Title INDUCTION MOTORS
260 ## - PUBLICATION, DISTRIBUTION, ETC.
Place of publication, distribution, etc. LONDON
Name of publisher, distributor, etc. BLACKIE
Date of publication, distribution, etc. 1946
300 ## - PHYSICAL DESCRIPTION
Extent 134P
942 ## - ADDED ENTRY ELEMENTS (KOHA)
Koha item type Book
Holdings
Withdrawn status Lost status Damaged status Not for loan Permanent Location Current Location Shelving location Date acquired Total Checkouts Full call number Barcode Date last seen Price effective from Koha item type
        College of Electrical & Mechanical Engineering (CEME) College of Electrical & Mechanical Engineering (CEME) General Stacks 04/20/2017   621.462 MON'I CEME-16522 06/28/2021 06/28/2021 Book
© 2023 Central Library, National University of Sciences and Technology. All Rights Reserved.